000 00533 a2200181 4500
003 OSt
005 20241008135817.0
008 231019b |||||||| |||| 00| 0 eng d
020 _a9789776303041
040 _coclc
082 _a892.78
_bRAF/V
100 _aRafee,Musthafa Swadiq
_910519
245 _aVAHYUL QALAM:
_bThe inspiring pen
_cMusthafa Swadiq Rafee
250 _a1st ed.
260 _aCairo:
_bWake Up Alsahoh,
_c2008.
300 _a3v, 415p. ;
942 _2ddc
_cBK
_h892.78
_k892.78
_iRAF/V
_mRAF/V
999 _c42658
_d42658